00390nam a2200121Ia 4500008004100000041000800041082002000049100005900069245008000128260003200208300000800240502002000248230128s9999 xx 000 0 und d aeng aSAB PR0455bSAB aSaboji Neha - 2K101040 & Prof. Sonali Parchure - Guide aAnalysis of Financial Viability of a Capital Project & Sensitivity Analysis c2012bPune UniversityaPune a74p cParchure Sonali